Responses for show #5284 - Thursday, July 26, 2007

2007 Teen Tournament Summer Games final game 1.

Contestants

Meryl Federman, a senior from Livingston, New Jersey

Kyle Neblett, a senior from Beaverton, Oregon

Greg Peterson, a senior from Park Ridge, Illinois

Jeopardy! Round responses

POLITICIANS
THE DISNEY CHANNEL
DOWN SOUTH
STORY SPOILERS
MUSIC CLASS
"OUND" ABOUT
    $200 1
Rudy Giuliani

Triple Stumper
    $200 21
Kim Possible

Greg
    $200 16
Louisiana

Kyle
    $200 4
Harry Potter and the Goblet of Fire

Meryl
    $200 26
a treble clef

Greg
    $200 11
a pound

Greg
    $400 2
Intelligence

Greg
    $400 22
the Irish

Greg
    $400 17
the Monitor and the Merrimack

Kyle
    $400 5
Bridge to Terabithia

Greg
    $400 27
percussion

Kyle
    $400 12
the mound

Meryl
    $600 3
Barack Obama

Meryl
    $600 23
Phil of the Future

Kyle
    $600 18
Nashville

Kyle
    $600 6
The Outsiders

Meryl
    $600 28
(John Philip) Sousa

Greg
    $600 13
surround

Meryl
    $800 9
John Edwards

Meryl
    $800 24
Cory (Baxter)

Kyle
    $800 19
(Meryl: What is Raleigh-Durham?)

Winston-Salem

Meryl
Triple Stumper
    $1,400 7
(Alex: You have the most money right now, $1400, Meryl. It's very early.)
(Meryl: Yeah, let's make it a True Daily Double.)
(Alex: Okay.)
(Meryl: I just got to say that!)
(Alex: You got to say that--you wanted to say that.)
(Meryl: I did!)
(Alex: Would you be tempted to say that if you had $10,000?)
(Meryl: No.)
[Laughter]
(Alex: All right. All right. Situations govern your behavior.)
(Meryl: They do.)

The Hound of the Baskervilles

Meryl
    $800 29
a rhapsody

Greg
    $800 14
underground

Greg
    $1000 10
Mitt Romney

Greg
    $1000 25
Jake Long

Kyle
    $1000 20
(Greg: What is Chapel Hill?)

Bethesda

Greg
Triple Stumper
    $1000 8
the Aeneid

Greg
    $1000 30
├ętudes

Meryl
    $1000 15
a compound

Kyle

Scores at the first commercial break (after clue 15):

Greg Kyle Meryl
$3,800 $1,000 $4,600

Scores at the end of the Jeopardy! Round:

Greg Kyle Meryl
$5,000 $5,000 $4,800

Double Jeopardy! Round responses

SIGNS & SYMBOLS
WORLD HERITAGE SITES
THE SUMMER OLYMPICS
EXPLORERS & EXPLORATION
ANATOMY & MEDICINE
ONLINE INSULTS
    $400 7
silver

Kyle
    $400 17
Venice

Meryl
    $400 2
the shot

Kyle
    $400 12
Lewis and Clark

Meryl
    $400 26
plexus

Meryl
    $400 1
a life

Greg
    $800 8
wheat

Kyle
    $800 22
Syria

Kyle
    $800 3
Munich

Meryl
    $800 13
(Greg: Who is Davy Crockett?)

Daniel Boone

GregMeryl
    $800 27
kidneys

Kyle
    $800 18
your day job

Kyle
    $1200 9
Leo

Meryl
    $1200 23
Brasilia

Greg
    $1200 4
backstroke

Greg
    $1200 14
Leif Ericson

Kyle
    $1200 28
ball and socket

Greg
    $1200 19
troll

Meryl
    $1600 10
lily

Greg
    $1600 24
Canada

Greg
    $1600 5
Sydney

Greg
    $1600 15
Charles Darwin

Greg
    $1600 29
(Meryl: What are the carpals?)

metacarpals

GregMeryl
    $2,000 20
(Meryl: [No response])

chair and keyboard

Meryl
    $2000 11
trefoil

Greg
    $2000 25
(Meryl: What is China?)

Indonesia

KyleMeryl
    $2000 6
Carly Patterson

Greg
    $2000 16
LaSalle

Triple Stumper
    $2,800 30
(Greg: What is the ear canal?)

eustachian tube

Greg
    $2000 21
Amish

Greg

Scores at the end of the Double Jeopardy! Round:

Greg Kyle Meryl
$19,400 $12,200 $4,400

Final Jeopardy! Round responses

AMERICAN AUTHORS
MerylWho is Heller?
$4,400
KyleWho is Hemmingway?
$5,800
GregWho is Hemingway?
$5,600
Ernest Hemingway

Final scores:

Greg Kyle Meryl
$25,000 $18,000 $0

Game dynamics:

Coryat scores:

Greg Kyle Meryl
$22,200 $12,200 $5,800
23 R,
3 W
(including 1 DD)
16 R,
0 W
15 R
(including 1 DD),
4 W
(including 1 DD)

Combined Coryat: $40,200

The J! Archive is created by fans, for fans. The Jeopardy! game show and all elements thereof, including but not limited to copyright and trademark thereto, are the property of Jeopardy Productions, Inc. and are protected under law. This website is not affiliated with, sponsored by, or operated by Jeopardy Productions, Inc. Join the discussion at JBoard.tv.